00975nam a22002177a 4500003000900000008004100009020001800050040007100068082002000139100001800159245006300177260004000240300006200280440006000342505025700402650001800659650001500677650001500692700002000707700003000727AR-CdUCM190319b ||||| |||| 00| 0 spa d a84-205-0426-2 aMUNICIPALIDAD PROVINCIAL DEL CUSCOcBIBLIOTECA MUNICIPAL DEL CUSCO a576.52 / bST83 aStern, Curt,  aEl origen de la genética :bun libro frontal de Mendel / aMadrid, : b Edit. Alhambra,c1973. aXVIII 187 paginas ;bCuadros, diagramas, formulas,c20 cm aColección Exedra ciencia técnica - ingenierían85 aExperimentos en híbridos de plantas -- Sobre los híbridos de "hieracium" obtenidos por fecundación artificial -- Cartas de Gregor Mendel a Carlos Nageli, 1866-1873 -- Alusiones al trabajo de Mendel -- La ley de segregación de los híbridos... aGregor Mendel aGenética aHíbridos aSherwood, E. R. aRodríguez, Paulino, OSA